| 000 | 00732nam a2200241 4500 | ||
|---|---|---|---|
| 003 | OSt | ||
| 005 | 20260530115303.0 | ||
| 008 | 260521b2020 |||a|||| |||| 00| 0 spa d | ||
| 040 |
_aICI _bspa _cICI |
||
| 050 |
_aTS171 _bV57 2020 |
||
| 100 | 1 |
_aGalería Mexicana de Diseño _931487 |
|
| 245 | 1 | 0 | _aVisión 2020 Catálogo de Diseño Mexicano |
| 264 | 1 |
_bGalería Mexicana de Diseño _c2020 |
|
| 300 | _a40 páginas | ||
| 336 |
_atexto _2rdacontent |
||
| 337 |
_asin medio _2rdamedia |
||
| 338 |
_avolumen _2rdacarrier |
||
| 650 |
_aDiseño industrial _zMéxico |
||
| 650 |
_aDiseñadores industriales _zMéxico |
||
| 650 |
_aDiseño mexicano _ySiglo XXI _931488 |
||
| 650 |
_aProductos industriales _xDiseño |
||
| 942 |
_2lcc _cBK _n1 |
||
| 999 |
_c12941 _d12941 |
||